| 000 | 00515nam a2200181Ia 4500 | ||
|---|---|---|---|
| 999 |
_c15061 _d15061 |
||
| 003 | OSt | ||
| 005 | 20201116095812.0 | ||
| 008 | 190216s9999||||xx |||||||||||||| ||und|| | ||
| 020 | _a9788175961005 | ||
| 040 | _coclc | ||
| 082 |
_a428 _bDOF/M |
||
| 100 |
_aDoff, Adrian _96385 |
||
| 245 | 0 |
_aMeanings Into Words : _bIntermediate / _cAdrian Doff |
|
| 260 |
_bCambridge University Press, _c2002. _aNew Delhi: |
||
| 300 | _a47p | ||
| 650 | _aEnglish | ||
| 942 |
_cBK _2ddc _h428 _iDOF/M _k428 _mDOF/M |
||